Представление документа в формате MARC21

Поле Инд. ПП Название Значение
Тип записи a
Библиографический уровень a
001 Контрольный номер RU/IS/BASE/262108661
005 Дата корректировки 20240118095330.0
084 a Индекс другой классификации/Индекс ББК 86.372.24-4; 86.372.24-5
090 00 a Полочн. индекс 63.5(2=Рус)
x Авторский знак Р 893
097 00 a 240
100 10 a Автор Кузнецов С. В.
245 00 a Заглавие Религиозно-этические взгляды крестьян на землю и труд
650 04 a Основная рубрика исторические науки
a Основная рубрика религия
a Основная рубрика этнология (этнография)
653 00 a Ключевые слова Благовещенская просфора
a Ключевые слова благочестие
a Ключевые слова богослужение
a Ключевые слова воскресные дни
a Ключевые слова евангельская символика
a Ключевые слова земледелие
a Ключевые слова иконопочитание
a Ключевые слова Ильин день
a Ключевые слова колокола
a Ключевые слова крестные ходы
a Ключевые слова крестьянство
a Ключевые слова молебны
a Ключевые слова обряды
a Ключевые слова подвижничество
a Ключевые слова православие
a Ключевые слова праздничные дни
a Ключевые слова религиоведение
a Ключевые слова религиозная этика
a Ключевые слова религиозно-нравственные представления
a Ключевые слова религиозный культ
a Ключевые слова ритуалы
a Ключевые слова святая вода
a Ключевые слова святые
a Ключевые слова традиции
a Ключевые слова труд
a Ключевые слова христианские праздники
a Ключевые слова христианство
773 00 d Дата издания источника Москва, 1999
g Прочая информация С. 189-197
t Заглавие источника Русские
w Контрольный № источника RU/IS/BASE/102094566
901 t Тип документа a